000
00184 a2200085 4500
082
_a
174 BAZ
100
_a
Bazmi,Aslam
245
_a
Winning Attitudes
260
_a
Peshawar
_b
PAF Press Club
300
_a
110 .
_c
21 cm .
999
_c
144
_d
144